000 00502nam a2200181Ia 4500
005 20250326123507.0
008 250326s9999 xx 000 0 und d
037 _aTextbook
040 _aFMSL
_beng
_cFMSL
041 _aeng
_2eng
084 _aX(R34) P5
_qFMSL
100 _aBasu K
245 0 _aRationality, games and srategic behaviour
_cBasu K
260 _aNew Delhi
_bNew Delhi, Oxford University
_c2005
300 _a213p
942 _cTB
_hX(R34) P5
999 _c1269600
_d1269600